000 00317nam a2200121Ia 4500
008 190723s9999 xx 000 0 und d
020 _a978-0-231-17315-5
100 _aJeffery D. Sachs
245 4 _aThe Age of Sustainable Development
260 _aNew York
_bColumbia Uni Press
_c2015
300 _a543.:p
942 _cBK
999 _c1649
_d1649